header

A practical guide to reducing IT costs (Record no. 140890)

MARC details
000 -LEADER
fixed length control field 01556nam a2200337 a 4500
082 04 - DEWEY DECIMAL CLASSIFICATION NUMBER
Classification number 004.068/1
100 1# - MAIN ENTRY--AUTHOR NAME
Personal name Cassidy, Anita.
245 12 - TITLE STATEMENT
Title A practical guide to reducing IT costs
260 ## - PUBLICATION, DISTRIBUTION, ETC. (IMPRINT)
Place of publication Ft. Lauderdale, Fla. :
Name of publisher J. Ross Pub.,
Year of publication c2010.
300 ## - PHYSICAL DESCRIPTION
Number of Pages xviii, 310 p. :
Other physical details ill.
500 ## - GENERAL NOTE
General note Includes index.
505 0# - FORMATTED CONTENTS NOTE
Formatted contents note Cost reduction strategies -- The budgeting process -- The cost reduction project -- Business applications -- Technical infrastructure -- IT processes -- Organization and people -- Overhead and miscellaneous costs -- Communication -- Cost reduction pitfalls -- IT value -- Conclusion.
650 #0 - SUBJECT ADDED ENTRY--TOPICAL TERM
Topical Term Information technology
Topical Term Information technology
700 1# - ADDED ENTRY--PERSONAL NAME
Personal name Cassidy, Dan,
856 40 - ELECTRONIC LOCATION AND ACCESS
Uniform Resource Identifier http://site.ebrary.com/lib/rucke/Doc?id=10520083

No items available.

© 2026 Rongo University
Contact us: librarian | system librarian | Rongo university